Eastern Utah Libraries Catalog: Duchesne, Heber, Roosevelt, & Vernal

The golden compass / (Record no. 41245)

MARC details
000 -LEADER
fixed length control field 03441cam a2200517 a 4500
003 - CONTROL NUMBER IDENTIFIER
control field OCoLC
005 - DATE AND TIME OF LATEST TRANSACTION
control field 20241220115519.0
008 - FIXED-LENGTH DATA ELEMENTS--GENERAL INFORMATION
fixed length control field 950803s1996 nyu j 000 1 eng
001 - CONTROL NUMBER
control field ocm33014058
010 ## - LIBRARY OF CONGRESS CONTROL NUMBER
LC control number 95033397
019 ## -
-- 35909190
-- 39011203
020 ## - INTERNATIONAL STANDARD BOOK NUMBER
International Standard Book Number 0679879242
024 3# - OTHER STANDARD IDENTIFIER
Standard number or code 9780679879244
029 1# - (OCLC)
OCLC library identifier NLGGC
System control number 18815521X
035 ## - SYSTEM CONTROL NUMBER
System control number (Sirsi) i9780679879244
040 ## - CATALOGING SOURCE
Original cataloging agency DLC
Transcribing agency DLC
Modifying agency CBL
-- SVP
-- CGW
-- OCLCQ
-- XY4
-- BAKER
-- UINTA
042 ## - AUTHENTICATION CODE
Authentication code lcac
043 ## - GEOGRAPHIC AREA CODE
Geographic area code r------
049 ## - LOCAL HOLDINGS (OCLC)
Holding library UCLB
050 00 - LIBRARY OF CONGRESS CALL NUMBER
Classification number PZ7.P968
Item number Go 1996
082 00 - DEWEY DECIMAL CLASSIFICATION NUMBER
Classification number [Fic]
Edition number 20
092 ## - LOCALLY ASSIGNED DEWEY CALL NUMBER (OCLC)
Classification number PULLMAN
100 1# - MAIN ENTRY--PERSONAL NAME
Personal name Pullman, Philip,
Dates associated with a name 1946-
9 (RLIN) 6793
240 10 - UNIFORM TITLE
Uniform title <a href="Northern lights">Northern lights</a>
245 14 - TITLE STATEMENT
Title The golden compass /
Statement of responsibility, etc Philip Pullman.
250 ## - EDITION STATEMENT
Edition statement 1st ed.
260 ## - PUBLICATION, DISTRIBUTION, ETC. (IMPRINT)
Place of publication, distribution, etc New York :
Name of publisher, distributor, etc Alfred A. Knopf :
-- Distributed by Random House,
Date of publication, distribution, etc 1996.
300 ## - PHYSICAL DESCRIPTION
Extent 399 p. ;
Dimensions 22 cm.
490 1# - SERIES STATEMENT
Series statement His dark materials ;
Volume number/sequential designation bk. 1
500 ## - GENERAL NOTE
General note Originally published as: Northern lights.
500 ## - GENERAL NOTE
General note Sequel: The subtle knife.
520 ## - SUMMARY, ETC.
Summary, etc Accompanied by her daemon, Lyra Belacqua sets out to prevent her best friend and other kidnapped children from becoming the subject of gruesome experiments in the Far North. In this first book of a fantasy trilogy, young Lyre & her alter ego, a protective animal named Pantalaimon, escape from the child-stealing Gobblers & join a group heading north to rescue a band of missing children. In a landmark epic of fantasy and storytelling, Philip Pullman invites readers into a world as convincing and thoroughly realized as Narnia, Earthsea, or Redwall. Here lives an orphaned ward named Lyra Belacqua, whose carefree life among the scholars at Oxford's Jordan College is shattered by the arrival of two powerful visitors. First, her fearsome uncle, Lord Asriel, appears with evidence of mystery and danger in the far North, including photographs of a mysterious celestial phenomenon called Dust and the dim outline of a city suspended in the Aurora Borealis that he suspects is part of an alternate universe. He leaves Lyra in the care of Mrs. Coulter, an enigmatic scholar and explorer who offers to give Lyra the attention her uncle has long refused her. In this multilayered narrative, however, nothing is as it seems. Lyra sets out for the top of the world in search of her kidnapped playmate, Roger, bearing a rare truth-telling instrument, the compass of the title. All around her children are disappearing-victims of so-called "Gobblers" and being used as subjects in terrible experiments that separate humans from their daemons, creatures that reflect each person's inner being. And somehow, both Lord Asriel and Mrs. Coulter are involved.
650 #1 - SUBJECT ADDED ENTRY--TOPICAL TERM
Topical term or geographic name as entry element Fantasy
Form subdivision Fiction.
9 (RLIN) 5674572
650 #0 - SUBJECT ADDED ENTRY--TOPICAL TERM
Topical term or geographic name as entry element Missing persons
General subdivision Experiments
Form subdivision Fiction.
9 (RLIN) 6506113
650 #0 - SUBJECT ADDED ENTRY--TOPICAL TERM
Topical term or geographic name as entry element Kidnapping
Form subdivision Fiction.
9 (RLIN) 5673693
651 #0 - SUBJECT ADDED ENTRY--GEOGRAPHIC NAME
Geographic name Arctic regions
Form subdivision Fiction.
9 (RLIN) 5691374
655 #0 - INDEX TERM--GENRE/FORM
Genre/form data or focus term Fantasy fiction.
9 (RLIN) 6163461
800 1# - SERIES ADDED ENTRY--PERSONAL NAME
Personal name Pullman, Philip,
Dates associated with a name 1946-
Title of a work His dark materials;
Volume/sequential designation bk. 1.
9 (RLIN) 47274
856 42 - ELECTRONIC LOCATION AND ACCESS
Materials specified Contributor biographical information
Uniform Resource Identifier <a href="http://www.loc.gov/catdir/bios/random051/95033397.html">http://www.loc.gov/catdir/bios/random051/95033397.html</a>
856 41 - ELECTRONIC LOCATION AND ACCESS
Materials specified Sample text
Uniform Resource Identifier <a href="http://www.loc.gov/catdir/samples/random042/95033397.html">http://www.loc.gov/catdir/samples/random042/95033397.html</a>
856 42 - ELECTRONIC LOCATION AND ACCESS
Materials specified Publisher description
Uniform Resource Identifier <a href="http://www.loc.gov/catdir/description/random045/95033397.html">http://www.loc.gov/catdir/description/random045/95033397.html</a>
938 ## -
-- Baker & Taylor
-- BKTY
-- 20.00
-- 15.00
-- 0679879242
-- 0002738090
-- active
942 ## - ADDED ENTRY ELEMENTS (KOHA)
Koha item type BOOK
994 ## -
-- C0
-- UINTA
998 ## - LOCAL CONTROL INFORMATION (RLIN)
-- a93555
Holdings
Withdrawn status Lost status Source of classification or shelving scheme Damaged status Not for loan Collection code Home library Current library Shelving location Date acquired Source of acquisition Serial Enumeration / chronology Total Checkouts Total Renewals Full call number Barcode Date last seen Date checked out Cost, replacement price Price effective from Koha item type
    Dewey Decimal Classification     Young Adult Fiction Wasatch County Library Wasatch County Library Main Floor Teen Area 12/07/2022 Amazon #1 His Dark Materials 13 15 YA Pullman 34301001850710 02/20/2026 01/15/2026 20.00 12/07/2022 BOOK
This project was made possible through a grant from the Institute of Museum and Library Service administered by the Utah State Library Division.

Wasatch County Library

  • 465 East 1200 South, Heber City, Utah 84032
  • Phone 435-654-1511 | Fax 435-654-6456

Hours

  • Monday - Friday 9:30 AM - 8:00 PM
  • Saturday 9:30 AM - 1:30 PM
  • Closed Sundays and Holidays